It looks like you're offline.
Open Library logo
additional options menu

MARC record from Internet Archive

LEADER: 01175cam 2200301 a 4500
001 9920156710001661
005 20150423124659.0
008 930929r19941968nyu b 000 0 eng
010 $a 93038385
020 $a0306805642 :$c$13.95
035 $a(CSdNU)u61484-01national_inst
035 $a(OCoLC)29182972
035 $a(Sirsi) 01-AAG-5728
040 $aDLC$cDLC
049 $aCNUM
050 00 $aE842.9$b.W47 1994
100 1 $aWills, Garry,$d1934-
245 10 $aJack Ruby /$cGarry Wills and Ovid Demaris.
250 $a1st Da Capo Press ed.
260 $aNew York :$bDa Capo Press,$c1994.
300 $a266 p. ;$c21 cm.
500 $aOriginally published: New York : New American Library, 1968.
505 0 $a"Taking the play" -- "I love this city, Joe!" -- "A one hundred percent American patriot" -- "The Communists or the John Birch society or both".
600 10 $aRuby, Jack.
600 10 $aKennedy, John F.$q(John Fitzgerald),$d1917-1963$xAssassination.
700 1 $aDemaris, Ovid.
948 $a10/13/1999$b10/13/1999
999 $aE 842.9 W47 1994$wLC$c1$i31786100946182$d2/24/2004$f2/24/2004$g1 $lCIRCSTACKS$mNULS$rY$sY$tBOOK$u1/12/1998$o.STAFF. Pieces: 00001